| 000 | 00523nam a2200205Ia 4500 | ||
|---|---|---|---|
| 003 | OSt | ||
| 005 | 20230529094348.0 | ||
| 008 | 210423s1992 xx 000 0 und d | ||
| 040 | _cAL | ||
| 041 | _aeng | ||
| 082 |
_a155 PAPH _223 |
||
| 100 |
_aPAPALIA (Diane E);OLDS (Sally Wendkos) _9115239 |
||
| 245 | _aHuman development | ||
| 260 |
_aUSA _bMacmillan India Ltd _c1992 |
||
| 365 |
_b295 _cINR |
||
| 650 |
_aPhilosophy _9115240 |
||
| 650 |
_aPsychology _9115241 |
||
| 906 | _adevelopment. ; Human | ||
| 942 |
_2ddc _cBB |
||
| 999 |
_c173490 _d173490 |
||